Football Logos - NFL, FBS, CFL, UFL - Statistics

General Stats
  • This quiz has been taken 75 times
  • The average score is 115 of 185
Answer Stats
Picture Answer % Correct
Denver Broncos
85%
Baltimore Ravens
83%
Green Bay Packers
83%
Jacksonville Jaguars
83%
New England Patriots
83%
New Orleans Saints
83%
Philadelphia Eagles
83%
Carolina Panthers
81%
Chicago Bears
81%
Dallas Cowboys
81%
Detroit Lions
81%
Houston Texans
81%
Las Vegas Raiders
81%
Los Angeles Chargers
81%
Los Angeles Rams
81%
Miami Dolphins
81%
Seattle Seahawks
81%
Arizona Cardinals
80%
Atlanta Falcons
80%
Cincinnati Bengals
80%
Georgia
80%
Indianapolis Colts
80%
Michigan
80%
North Carolina
80%
Pittsburgh Steelers
80%
Tampa Bay Buccaneers
80%
Tennessee Titans
80%
Alabama
78%
Buffalo Bills
78%
Clemson
78%
Cleveland Browns
78%
Georgia Tech
78%
Kansas
78%
Purdue
78%
Texas
78%
Auburn
76%
Florida
76%
Kansas City Chiefs
76%
Miami (Florida)
76%
Minnesota Vikings
76%
Nebraska
76%
West Virginia
76%
Kentucky
74%
New York Jets
74%
Oklahoma
74%
Penn St
74%
Stanford
74%
Texas Tech
74%
USC
74%
Baylor
72%
BYU
72%
Duke
72%
Florida State
72%
Michigan State
72%
Notre Dame
72%
Oklahoma State
72%
Oregon
72%
San Francisco 49ers
72%
Tennessee
72%
Texas A&M
72%
Utah
72%
Virginia Tech
72%
Washington Commanders
72%
Wisconsin
72%
Air Force
70%
Colorado
70%
Indiana
70%
New York Giants
70%
Syracuse
70%
Washington
70%
Cincinnati
69%
Hawaii
69%
Houston
69%
Iowa
69%
Iowa State
69%
Wake Forest
69%
Boise State
67%
Illinois
67%
Northwestern
67%
Ohio State
67%
Oregon State
67%
Pittsburgh
67%
Rutgers
67%
Tulane
67%
Utah State
67%
Arizona State
65%
California
65%
LSU
65%
Minnesota
65%
Missouri
65%
TCU
65%
Virginia
65%
Army
63%
Bowling Green
63%
Kansas State
63%
Louisville
63%
Mississippi State
63%
Navy
63%
Rice
63%
San Diego State
63%
SMU
63%
Wyoming
63%
Arizona
61%
Arkansas
61%
Ball State
61%
Liberty
61%
Marshall
61%
Maryland
61%
Memphis
61%
Temple
61%
Vanderbilt
61%
Washington State
61%
Charlotte
59%
Colorado State
59%
Louisiana Tech
59%
Sam Houston
59%
South Carolina
59%
UAB
59%
UConn
59%
Fresno State
57%
New Mexico
57%
San Jose State
57%
Central Michigan
56%
Kennesaw State
56%
Kent State
56%
South Florida
56%
Troy
56%
UMass
56%
UTSA
56%
Akron
54%
Buffalo
54%
Coastal Carolina
54%
East Carolina
54%
NC State
54%
Arkansas State
52%
DC Defenders
52%
Eastern Michigan
52%
Miami (Ohio)
52%
Nevada
52%
New Mexico State
52%
North Texas
52%
South Alabama
52%
Toledo
52%
UCF
52%
Western Michigan
52%
Appalachian State
50%
Delaware
50%
Florida Atlantic
50%
Georgia State
50%
Louisiana-Monroe
50%
Northern Illinois
50%
Texas State
50%
UTEP
50%
Western Kentucky
50%
Middle Tennessee
48%
Old Dominion
48%
Southern Miss
48%
Birmingham Stallions
46%
FIU
46%
Georgia Southern
46%
Ohio
46%
Boston College
44%
James Madison
44%
Louisiana
44%
UNLV
44%
Missouri State
41%
St. Louis Battlehawks
41%
Tulsa
41%
UCLA
41%
Hamilton Tiger-Cats
39%
Jacksonville State
39%
Arlington Renegades
35%
San Antonio Brahmas
35%
Edmonton Elks
33%
Houston Roughnecks
33%
Saskatchewan Roughriders
33%
Michigan Panthers
31%
Winnipeg Blue Bombers
31%
Memphis Showboats
30%
Ottawa Redblacks
30%
Toronto Argonauts
30%
BC Lions
28%
Calgary Stampeders
28%
Ole Miss
28%
Montreal Alouettes
24%
No matching quizzes found
Score Distribution
Percent of People with Each Score
Percentile by Number Answered
Your Score History
You have not taken this quiz